000 00580nam a2200181Ia 4500
003 GCL
008 140319s9999 xx 000 0 ara d
040 _aGCL /
_cGCL
082 0 4 _a813.01
_bج ا
100 1 _aجمال الغيطانى
245 1 0 _aاتحاف الزمان بحكاية جلبى السلطان : قصص قصيرة /
_cجمال الغيطانى
300 _a152 ص
490 _a
650 0 4 _aالقصص القصيرة
650 0 4 _aالقصص العربية القصيرة
650 0 4 _aالادب العربى - العصر الحديث
942 _2ddc
_cBK
999 _c39921
_d39921